[Event "34th Chess Olympiad (men)"]
[Site "Istanbul"]
[Date "2000.11.05"]
[Round "8.37.2"]
[White "Ali, Mohammed"]
[Black "Garcia, Raul"]
[WhiteElo "2307"]
[BlackElo "2318"]
[WhiteCountry "IRQ"]
[BlackCountry "AND"]
[Result "1-0"]

1. d4 d5 2. Nf3 Nf6 3. Bf4 c5 4. e3 Qb6 5. Nc3 e6 6. Be2 Be7 7. O-O O-O 
8. Na4 Qa5 9. Nxc5 Bxc5 10. dxc5 Qxc5 11. c4 Nc6 12. Rc1 Qa5 13. a3 dxc4 
14. Bxc4 e5 15. Bg3 Bg4 16. Qb3 e4 17. Nd4 Nxd4 18. exd4 Qd8 19. Qxb7 Qxd4 
20. Bxf7+ Kh8 21. Qe7 Qxb2 22. Rc7 Nd7 23. Qxe4 Rad8 24. Qxg4 Rxf7 25. Rd1 Qb5 
26. h3 h6 27. a4 h5 28. Qh4 
1-0

[Event "34th Chess Olympiad (men)"]
[Site "Istanbul"]
[Date "2000.11.05"]
[Round "8.37.3"]
[White "Gallego Martinez, Ruben"]
[Black "Hussein, N.A."]
[WhiteElo "2313"]
[BlackElo "2368"]
[WhiteCountry "AND"]
[BlackCountry "IRQ"]
[Result "0-1"]

1. e4 e5 2. d4 exd4 3. Qxd4 Nc6 4. Qe3 Nf6 5. Nc3 Bb4 6. Bd2 O-O 7. O-O-O Re8 
8. Bc4 d6 9. f3 Ne5 10. Bb3 c6 11. Nge2 Bc5 12. Qg5 b5 13. h4 a5 14. a4 b4 
15. Na2 Ba6 16. Nf4 Bf2 17. Nh5 Nxh5 18. Qxh5 Qb6 19. Kb1 Be2 20. Rc1 c5 
21. Bd5 Ra7 22. Qf5 c4 23. h5 h6 24. g4 Nxf3 25. Bxh6 gxh6 26. Qg6+ Kf8 
27. Qxh6+ Ke7 28. Qg7 Bd4 29. Qxf7+ Kd8 30. Qg6 b3 31. cxb3 Nd2+ 32. Kc2 Qxb3+ 
33. Kxd2 Qe3+ 
0-1

[Event "34th Chess Olympiad (men)"]
[Site "Istanbul"]
[Date "2000.11.05"]
[Round "8.37.4"]
[White "Maftool, Abdul Hadi"]
[Black "Cots, Paltor Jordi"]
[WhiteElo "2266"]
[BlackElo "2123"]
[WhiteCountry "IRQ"]
[BlackCountry "AND"]
[Result "0-1"]

1. e4 d5 2. exd5 Qxd5 3. Nc3 Qa5 4. d4 c6 5. Nf3 Nf6 6. Bd2 Qc7 7. Bc4 Bf5 
8. Ne5 e6 9. Bf4 Bd6 10. Qe2 Nbd7 11. O-O-O O-O-O 12. Bg3 Nb6 13. Bb3 Nbd5 
14. Na4 Ne4 15. Bh4 f6 16. Nc4 Bf4+ 17. Ne3 Qa5 18. Rhe1 b5 19. Nc5 Ndc3 
20. Qf3 Nxd1 21. Rxd1 Bxe3+ 22. fxe3 Nxc5 23. Qxc6+ Qc7 24. Qxc5 Qxc5 
25. dxc5 Rxd1+ 26. Kxd1 Rd8+ 27. Ke1 Kc7 28. c4 Kc6 29. cxb5+ Kxc5 30. a4 Kb4 
31. Bd1 Bd3 32. Bg3 e5 33. e4 Bxe4 34. Bf2 Rd7 35. g3 Bd5 36. b6 axb6 
37. Bxb6 Bb3 38. Bg4 Rd6 39. a5 Rc6 40. Bf3 Rc1+ 41. Kd2 Rc2+ 42. Ke3 Bc4 
43. Bb7 f5 44. a6 g5 45. h3 Re2+ 46. Kf3 e4+ 
0-1

[Event "34th Chess Olympiad (men)"]
[Site "Istanbul"]
[Date "2000.11.05"]
[Round "8.38.1"]
[White "Hakki, Imad"]
[Black "Solomon, Kenny"]
[WhiteElo "2429"]
[BlackElo "2267"]
[WhiteCountry "SYR"]
[BlackCountry "RSA"]
[Result "1/2-1/2"]

1. e4 c5 2. Nf3 Nc6 3. d4 cxd4 4. Nxd4 Nf6 5. Nc3 e5 6. Ndb5 d6 7. Bg5 a6 
8. Na3 b5 9. Bxf6 gxf6 10. Nd5 Bg7 11. c3 f5 12. Bd3 Ne7 13. Nxe7 Qxe7 
14. O-O O-O 15. Nc2 Rb8 16. exf5 e4 17. Re1 Bxf5 18. Ne3 Bg6 19. Nd5 Qe5 
20. Bc2 f5 21. f4 Qe8 22. Bb3 Kh8 23. Nc7 Qc6 24. Ne6 Rfe8 25. Kh1 Bf6 
26. Qd2 Qb6 27. Rad1 b4 28. cxb4 Bf7 29. Ng5 Bxb3 30. axb3 Bxg5 31. Qc3+ Kg8 
32. Qg3 Kh8 33. Qc3+ Kg8 34. Qg3 Kh8 35. Qxg5 Rf8 36. Qe7 Rbd8 37. Re2 Qxb4 
38. Re3 Rde8 39. Qxd6 Qxd6 40. Rxd6 Rd8 41. Rxd8 Rxd8 42. g4 Rd3 43. Re2 fxg4 
1/2-1/2

[Event "34th Chess Olympiad (men)"]
[Site "Istanbul"]
[Date "2000.11.05"]
[Round "8.38.2"]
[White "Van Der Nat, Nicholas"]
[Black "Khatib, Kamel"]
[WhiteElo "2116"]
[BlackElo "2000"]
[WhiteCountry "RSA"]
[BlackCountry "SYR"]
[Result "1-0"]

1. e4 e5 2. Nf3 Nc6 3. Bb5 a6 4. Ba4 Nf6 5. Qe2 b5 6. Bb3 Bc5 7. d3 h6 
8. Nc3 Nd4 9. Nxd4 Bxd4 10. O-O d6 11. Kh1 Ng4 12. g3 g5 13. Nd5 c6 14. c3 Ba7 
15. Ne3 h5 16. a4 Nf6 17. Nf5 Bxf5 18. exf5 Nd7 19. d4 Kf8 20. axb5 axb5 
21. dxe5 Nxe5 22. f4 gxf4 23. Bxf4 f6 24. Qd2 Kg7 25. Rad1 d5 26. Bxe5 fxe5 
27. f6+ Kf8 28. Qg5 Qc7 29. Rde1 e4 30. f7 Qe7 31. Qg6 e3 32. Bc2 Rc8 
33. Bf5 Rc7 34. Be6 
1-0

[Event "34th Chess Olympiad (men)"]
[Site "Istanbul"]
[Date "2000.11.05"]
[Round "8.38.3"]
[White "Al Zaim, Talal"]
[Black "Kromhout, Ewan"]
[WhiteElo "2249"]
[BlackElo "2000"]
[WhiteCountry "SYR"]
[BlackCountry "RSA"]
[Result "1-0"]

1. d4 d5 2. c4 e6 3. Nc3 Nf6 4. Bg5 c6 5. e3 Nbd7 6. Nf3 Qa5 7. Nd2 Bb4 
8. Qc2 Ne4 9. Ndxe4 dxe4 10. Bf4 e5 11. dxe5 Nxe5 12. Rc1 Bf5 13. a3 Bd6 
14. Bg3 Rd8 15. Qa4 Qxa4 16. Nxa4 f6 17. Be2 h5 18. h4 Bg4 19. c5 Bb8 
20. Bxe5 Bxe5 21. Rc4 Be6 22. Rxe4 a5 23. Nb6 Bf5 24. Ra4 Bxb2 25. O-O Rd2 
26. Rxa5 O-O 27. Bxh5 Bd3 28. Rd1 Rxd1+ 29. Bxd1 Rd8 30. Bf3 Bb5 31. a4 Ba6 
32. Bxc6 Bc3 33. Rxa6 bxa6 34. Bb7 a5 35. f4 Bb4 36. c6 Rd1+ 37. Kf2 Rc1 
38. Nd5 Bd6 39. Ke2 Kf8 40. g4 Rc5 41. e4 Ke8 42. Ba6 Kd8 43. Bb5 Rc1 
44. g5 Rh1 45. Kf3 Rxh4 46. gxf6 gxf6 47. Kg3 Rh6 48. Kg4 Bc7 49. Kf5 Rh5+ 
50. Ke6 Rh4 51. Kxf6 Bxf4 52. e5 Rh6+ 53. Kf5 Bxe5 54. Kxe5 Rh5+ 55. Kd4 Rh4+ 
56. Kc5 Kc8 57. Ba6+ Kb8 58. Kb6 Rh7 59. Kxa5 Rh4 60. c7+ Ka7 61. Bb5 Rd4 
62. Ne7 Re4 63. Nc8+ 
1-0

[Event "34th Chess Olympiad (men)"]
[Site "Istanbul"]
[Date "2000.11.05"]
[Round "8.38.4"]
[White "Solomon, Maxwell"]
[Black "Mohamed, Sameer"]
[WhiteElo "2000"]
[BlackElo "2287"]
[WhiteCountry "RSA"]
[BlackCountry "SYR"]
[Result "1/2-1/2"]

1. Nf3 Nf6 2. c4 c5 3. Nc3 d5 4. cxd5 Nxd5 5. g3 Nc6 6. Bg2 Nc7 7. O-O e5 
8. a3 Be7 9. d3 O-O 10. Be3 Bd7 11. Qc2 Rc8 12. Rfc1 Re8 13. Rab1 Bf8 
14. Qd1 b6 15. Bg5 f6 16. Bd2 Kh8 17. h3 Be6 18. Kh2 Qd7 19. Qa4 Nd5 
20. Nxd5 Bxd5 21. b4 Red8 22. Be3 cxb4 23. axb4 Qb7 24. b5 Nb8 25. Ra1 Rxc1 
26. Rxc1 Nd7 27. Ra1 Ra8 28. Nh4 Bxg2 29. Nxg2 Bc5 30. h4 Qd5 31. Qa2 Qxa2 
32. Rxa2 Kg8 33. f4 exf4 34. gxf4 Kf7 35. Kg3 Ke6 36. Kf3 f5 37. Bc1 Kd5 
38. Ne3+ Bxe3 39. Bxe3 Nc5 40. Bf2 g6 41. Ra1 Nb3 42. Ra4 Nc5 43. e4+ fxe4+ 
44. dxe4+ Kd6 45. e5+ Kc7 46. Bxc5 bxc5 47. Ra6 Kb7 48. Rc6 a5 49. Rxc5 Kb6 
50. Rc1 Kxb5 51. Ke4 a4 52. e6 a3 53. Kd5 a2 54. e7 Kb4 55. Kd6 Ra6+ 
56. Kd7 Ra7+ 57. Ke6 a1=Q 58. Rxa1 Rxa1 59. e8=Q Re1+ 60. Kf7 Rxe8 61. Kxe8 Kc5 
62. Kf7 Kd5 63. Kg7 Ke6 
1/2-1/2

[Event "34th Chess Olympiad (men)"]
[Site "Istanbul"]
[Date "2000.11.05"]
[Round "8.39.2"]
[White "Giaccio, Alfredo"]
[Black "Turgut, Tansel"]
[WhiteElo "2505"]
[BlackElo "2285"]
[WhiteCountry "ARG"]
[BlackCountry "TURB"]
[Result "1-0"]

1. e4 e5 2. Nf3 Nc6 3. Bb5 a6 4. Ba4 d6 5. c4 g6 6. d4 exd4 7. Nxd4 Bd7 
8. Nc3 Bg7 9. Nde2 Ne5 10. Bb3 Ne7 11. O-O O-O 12. Ng3 N5c6 13. Be3 Na5 
14. f4 Nxb3 15. Qxb3 Nc6 16. Nd5 b6 17. f5 Re8 18. Rad1 Ne5 19. h3 Bc6 
20. Bd4 Bxd5 21. cxd5 Nd7 22. Bxg7 Kxg7 23. Rc1 Rc8 24. Qc3+ Re5 25. b4 h5 
26. fxg6 fxg6 27. Rf4 Qe7 28. Ne2 Kg8 29. Nd4 Rxe4 30. Nc6 Qe8 31. Rxe4 Qxe4 
32. Re1 Qh4 33. Ne7+ Kh7 34. Nxc8 Ne5 35. Qxc7+ Kh6 36. Qc3 Nf3+ 37. gxf3 Qg3+ 
38. Kf1 Qxh3+ 39. Ke2 Qg2+ 40. Kd1 Qxa2 41. Qd2+ 
1-0

[Event "34th Chess Olympiad (men)"]
[Site "Istanbul"]
[Date "2000.11.05"]
[Round "8.39.3"]
[White "Ipek, Ali"]
[Black "Hoffman, Alejandro"]
[WhiteElo "2241"]
[BlackElo "2491"]
[WhiteCountry "TURB"]
[BlackCountry "ARG"]
[Result "0-1"]

1. e4 c5 2. Nf3 g6 3. d4 Bg7 4. Nc3 cxd4 5. Nxd4 Nc6 6. Nde2 d6 7. h3 Nf6 
8. g3 Bd7 9. Bg2 Qc8 10. Nf4 O-O 11. Be3 b5 12. a3 Rd8 13. g4 Rb8 14. O-O e6 
15. g5 Ne8 16. Qe2 b4 17. axb4 Rxb4 18. Nd3 Rb7 19. Ra3 Nd4 20. Qd1 e5 
21. Kh2 Nc7 22. f4 exf4 23. Nxf4 Nc6 24. Ncd5 Be6 25. Nf6+ Bxf6 26. gxf6 Ne8 
27. Nd5 Bxd5 28. exd5 Ne5 29. Bd4 Rdd7 30. Rg3 Qd8 31. Qh5 Nxf6 32. Qh6 Ne8 
33. Be4 Qe7 34. Rf4 Rb4 35. Bxe5 dxe5 36. Rh4 Nf6 37. Bxg6 fxg6 38. Rxg6+ hxg6 
39. Qxg6+ Qg7 40. Qxg7+ Kxg7 41. Rxb4 Nxd5 42. Ra4 Kf6 43. Kg3 Kf5 44. Kf3 Rh7 
45. h4 Nf4 46. b4 Rxh4 47. Rxa7 Rh3+ 48. Kf2 Rh2+ 49. Kf3 Rxc2 50. Rf7+ Ke6 
51. Rf8 Nd5 52. b5 Rc3+ 53. Kf2 Rb3 
0-1

[Event "34th Chess Olympiad (men)"]
[Site "Istanbul"]
[Date "2000.11.05"]
[Round "8.39.4"]
[White "Bertona, Fernando"]
[Black "Erdogan, Hakan"]
[WhiteElo "2405"]
[BlackElo "2217"]
[WhiteCountry "ARG"]
[BlackCountry "TURB"]
[Result "0-1"]

1. e4 c5 2. Nf3 d6 3. d4 cxd4 4. Nxd4 Nf6 5. Nc3 g6 6. Bc4 Bg7 7. O-O Nc6 
8. Re1 Nxd4 9. Qxd4 O-O 10. h3 Ng4 11. Qd1 Ne5 12. Bb3 Bd7 13. Bg5 h6 
14. Be3 b6 15. Qd2 Kh7 16. f4 Nc6 17. Rad1 Be6 18. Qf2 Qc8 19. Bc1 Na5 
20. Nd5 Qb7 21. c3 Nxb3 22. axb3 f5 23. Qf3 Rf7 24. g4 fxe4 25. Qxe4 Bxd5 
26. Rxd5 Raf8 27. Qd3 Qd7 28. Kg2 Rd8 29. Qe3 Qc6 30. Qe6 Rf6 31. Qe4 e6 
32. Re5 d5 33. Qe2 Rd6 34. Kh2 d4 35. cxd4 Rxd4 36. Rxe6 Rxe6 37. Qxe6 Qc2+ 
38. Kg3 Rd3+ 39. Be3 Qd2 
0-1

[Event "34th Chess Olympiad (men)"]
[Site "Istanbul"]
[Date "2000.11.05"]
[Round "8.40.1"]
[White "David, Alberto"]
[Black "Gonzalez, Bernal"]
[WhiteElo "2487"]
[BlackElo "2428"]
[WhiteCountry "LUX"]
[BlackCountry "CRC"]
[Result "1/2-1/2"]

1. e4 c5 2. Nf3 Nc6 3. d4 cxd4 4. Nxd4 g6 5. Nc3 Bg7 6. Be3 Nf6 7. Bc4 O-O 
8. Bb3 d6 9. f3 Bd7 10. Qd2 Nxd4 11. Bxd4 b5 12. a4 b4 13. Nd5 Nxd5 
14. Bxg7 Kxg7 15. exd5 Qb6 16. h4 h5 17. O-O-O Rac8 18. Rhe1 Rfe8 19. Re4 a5 
20. Kb1 Rc7 21. Rd4 Rh8 22. Qe1 Qb8 23. Re4 Bf5 24. Re2 Rhc8 25. Rd4 Qa7 
26. Rf4 Rh8 27. g4 Bc8 28. Bc4 Kf8 29. b3 Ba6 30. Bxa6 Qxa6 31. g5 Qa7 
32. Rfe4 Ke8 33. Qd2 Kd8 34. f4 Re8 35. Qd3 Rc3 36. Qb5 Rc5 37. Qd3 Rc3 
38. Qd2 Rh3 39. Qe1 Qb7 40. Rd4 Rc3 41. Re3 Rxe3 42. Qxe3 e5 43. dxe6 Rxe6 
44. Qd3 Qh1+ 45. Ka2 Ke7 46. Rc4 Qc1 47. Re4 d5 48. Rxe6+ Kxe6 49. Qh3+ Kd6 
1/2-1/2

[Event "34th Chess Olympiad (men)"]
[Site "Istanbul"]
[Date "2000.11.05"]
[Round "8.40.2"]
[White "Hernandez, Basante Francisco"]
[Black "Mossong, Hubert"]
[WhiteElo "2309"]
[BlackElo "2213"]
[WhiteCountry "CRC"]
[BlackCountry "LUX"]
[Result "1-0"]

1. d4 c5 2. d5 Nf6 3. Nc3 g6 4. e4 d6 5. Nf3 Bg7 6. Be2 O-O 7. O-O Na6 
8. h3 Nc7 9. a4 a6 10. Bf4 b6 11. Bc4 Bb7 12. Qd3 Nd7 13. Rfe1 f6 14. h4 Kh8 
15. h5 g5 16. Bh2 Qe8 17. g4 Bc8 18. e5 Nxe5 19. Bxe5 dxe5 20. Nh2 Qd8 
21. Rad1 Ne8 22. h6 Bxh6 23. Re3 Nd6 24. Rh3 Kg7 25. Ne2 Qe8 26. Ng3 b5 
27. Ba2 Qg6 28. Qe3 c4 29. c3 Kg8 30. Bb1 Qg7 31. Nf5 Bxf5 32. gxf5 Rfd8 
33. Ng4 Nf7 34. Kg2 Qf8 35. Nxh6+ Nxh6 36. Rdh1 Nf7 37. Rxh7 Qg7 38. Qh3 Rab8 
39. Rxg7+ Kxg7 40. Qh7+ Kf8 41. Qg6 
1-0

[Event "34th Chess Olympiad (men)"]
[Site "Istanbul"]
[Date "2000.11.05"]
[Round "8.40.3"]
[White "Wagener, Claude"]
[Black "Bermudez, Sergio"]
[WhiteElo "2210"]
[BlackElo "2185"]
[WhiteCountry "LUX"]
[BlackCountry "CRC"]
[Result "1-0"]

1. e4 c5 2. Nf3 d6 3. d4 cxd4 4. Nxd4 Nf6 5. Nc3 e6 6. g4 h6 7. h4 h5 
8. gxh5 Nxh5 9. Bg5 Nf6 10. Qd2 Nc6 11. O-O-O a6 12. Nxc6 bxc6 13. e5 d5 
14. exf6 gxf6 15. Be3 Rb8 16. Na4 e5 17. f4 d4 18. fxe5 fxe5 19. Qe1 Be6 
20. Bg2 Qd6 21. Bg5 Rb4 22. Nc3 Rxb2 23. Kxb2 Qa3+ 24. Kb1 f6 25. Rxd4 Bb4 
26. Rxb4 Qxb4+ 27. Ka1 Rg8 28. Ne4 Qa4 29. Qb1 Kf7 30. Rf1 Rb8 31. Rxf6+ Kg7 
32. Bh6+ 
1-0

[Event "34th Chess Olympiad (men)"]
[Site "Istanbul"]
[Date "2000.11.05"]
[Round "8.40.4"]
[White "Trejos, Enrique"]
[Black "Brittner, Serge"]
[WhiteElo "2000"]
[BlackElo "2000"]
[WhiteCountry "CRC"]
[BlackCountry "LUX"]
[Result "0-1"]

1. e4 e6 2. d4 d5 3. Nc3 Bb4 4. e5 c5 5. a3 Ba5 6. b4 cxd4 7. Qg4 Ne7 
8. Nb5 Bc7 9. Qg5 g6 10. Qxg6 Rg8 11. Qxh7 a6 12. Nxc7+ Qxc7 13. Ne2 Qxe5 
14. Bb2 Qf6 15. f4 Nbc6 16. Qd3 Nf5 17. O-O-O Qh6 18. g3 e5 19. Qd2 f6 
20. Re1 Be6 21. fxe5 Qxd2+ 22. Kxd2 fxe5 23. Bh3 Kd7 24. Bxf5 Bxf5 
25. Rhf1 Raf8 26. Nc1 Kd6 27. Nd3 b6 28. Rb1 Bh3 29. Rxf8 Rxf8 30. a4 Rf3 
31. b5 axb5 32. Ba3+ b4 33. Bxb4+ Kc7 34. Ke2 Bg4 35. h3 Nxb4 36. hxg4 Re3+ 
37. Kd2 Nxd3 38. cxd3 Rxg3 39. Re1 Kd6 40. Rh1 Rxg4 41. Rh6+ Kc5 42. Rh5 Rg2+ 
43. Kd1 Rg3 44. Rxe5 Rxd3+ 45. Kc2 Ra3 46. Re8 Rxa4 47. Rc8+ Kb5 48. Kd3 Rc4 
49. Rd8 Kc5 50. Rc8+ Kb4 51. Rd8 Rc3+ 52. Kxd4 Rc1 53. Rb8 Rd1+ 54. Ke3 b5 
55. Ke2 Rd4 56. Ke3 Rc4 57. Kd3 Ka4 58. Rd8 b4 59. Rxd5 Rc8 60. Rd7 Ka3 
61. Ra7+ Kb2 62. Rb7 b3 63. Kd2 Ka2 64. Ra7+ Kb1 65. Rb7 b2 66. Ra7 Rc5 
67. Ra8 Rd5+ 68. Ke2 Kc2 
0-1

[Event "34th Chess Olympiad (men)"]
[Site "Istanbul"]
[Date "2000.11.05"]
[Round "8.41.1"]
[White "Sosa, Luis"]
[Black "Hamdouchi, Hichem"]
[WhiteElo "2166"]
[BlackElo "2541"]
[WhiteCountry "PUR"]
[BlackCountry "MAR"]
[Result "0-1"]

1. d4 d6 2. e4 Nf6 3. Nc3 Nbd7 4. Nf3 e5 5. Bc4 Be7 6. Bxf7+ Kxf7 7. Ng5+ Kg8 
8. Ne6 Qe8 9. Nxc7 Qg6 10. Nxa8 Qxg2 11. Rf1 h6 12. Be3 Ng4 13. Qe2 Nxh2 
14. O-O-O Nxf1 15. Rxf1 a6 16. Nc7 Nf6 17. dxe5 dxe5 18. N3d5 Nxd5 19. exd5 Kh7 
20. Qd1 Bf5 21. Rg1 Qe4 22. Ne6 Rc8 23. Rxg7+ Kh8 24. Kb1 Rxc2 25. Ka1 Qb4 
26. Bc1 Qc4 27. Bxh6 Ba3 28. Rxb7 Bxb2+ 29. Rxb2 Qc3 30. Bg7+ Kg8 31. Bxe5 Rc1+ 
0-1

[Event "34th Chess Olympiad (men)"]
[Site "Istanbul"]
[Date "2000.11.05"]
[Round "8.41.2"]
[White "Tissir, Mohamed"]
[Black "Santa, Luis A"]
[WhiteElo "2342"]
[BlackElo "2201"]
[WhiteCountry "MAR"]
[BlackCountry "PUR"]
[Result "1-0"]

1. e4 e5 2. Nf3 Nf6 3. Nxe5 d6 4. Nf3 Nxe4 5. d4 d5 6. Bd3 Be7 7. O-O O-O 
8. c4 Nf6 9. Ne5 Nbd7 10. Nc3 dxc4 11. Bxc4 Nb6 12. Bb3 Nbd5 13. Qf3 c6 
14. Bg5 Be6 15. Rfe1 Re8 16. Rad1 Qd6 17. Bc2 Rad8 18. Bb1 Nxc3 19. bxc3 Ng4 
20. Bxe7 Nxe5 21. Qh5 
1-0

[Event "34th Chess Olympiad (men)"]
[Site "Istanbul"]
[Date "2000.11.05"]
[Round "8.41.3"]
[White "Montalvo, Alejandro"]
[Black "Bintafrit, Sameer"]
[WhiteElo "2222"]
[BlackElo "2285"]
[WhiteCountry "PUR"]
[BlackCountry "MAR"]
[Result "1-0"]

1. d4 d5 2. c4 c6 3. Nc3 Nf6 4. Nf3 e6 5. cxd5 exd5 6. Bg5 Be7 7. Qc2 Na6 
8. a3 Nc7 9. e3 Ne6 10. Bh4 Nh5 11. Bxe7 Qxe7 12. O-O-O Ng5 13. Nd2 f5 
14. f4 Ne4 15. Nf3 Nhf6 16. Ne5 Nxc3 17. Qxc3 Ne4 18. Qc2 Be6 19. Bd3 Rc8 
20. Bxe4 dxe4 21. h3 Rd8 22. g4 Rd5 23. gxf5 Bxf5 24. Kb1 O-O 25. Rhg1 c5 
26. dxc5 Rxc5 27. Qb3+ Be6 28. Rd7 Qxd7 29. Nxd7 Bxb3 30. Nxc5 Bd5 31. Rg5 Rd8 
32. Re5 b6 33. Ne6 Rd6 34. Ng5 Bc6 35. Kc2 Rd5 36. Re7 Rc5+ 37. Kd2 Rd5+ 
38. Ke2 Bb5+ 39. Ke1 Bd7 40. h4 h6 41. Nxe4 Kf8 42. Nc3 Kxe7 43. Nxd5+ Kd6 
44. Nc3 Kc5 45. Kd2 Kc4 46. Kc2 Bf5+ 47. Kd2 Kb3 48. e4 Bd7 49. e5 Kxb2 
50. Ne2 Kxa3 51. Nd4 a5 52. e6 Ba4 53. e7 Kb4 54. Ne6 Kc4 
1-0

[Event "34th Chess Olympiad (men)"]
[Site "Istanbul"]
[Date "2000.11.05"]
[Round "8.41.4"]
[White "Daoud, Mod Rabie"]
[Black "Bermudez, Adams William"]
[WhiteElo "2143"]
[BlackElo "2125"]
[WhiteCountry "MAR"]
[BlackCountry "PUR"]
[Result "1-0"]

1. Nf3 d5 2. d4 c5 3. c4 e6 4. Nc3 Nc6 5. cxd5 exd5 6. e3 Nf6 7. Be2 Be7 
8. O-O O-O 9. b3 Bg4 10. dxc5 Bxc5 11. Bb2 Qd7 12. Nb5 Ne4 13. Nfd4 Bxe2 
14. Qxe2 Rfe8 15. Rac1 Bb6 16. Nxc6 bxc6 17. Nc3 f5 18. Nxe4 Rxe4 19. Qc2 Rc8 
20. Rfd1 Qf7 21. g3 Qe6 22. Bd4 c5 23. f3 Rxe3 24. Bxe3 Qxe3+ 25. Kg2 Rd8 
26. Re1 Qg5 27. f4 Qf6 28. Qe2 d4 29. Qe6+ Qxe6 30. Rxe6 d3 31. Rd1 Ba5 
32. Re5 Bb4 33. Rxf5 a5 34. Re5 a4 35. Re4 axb3 36. axb3 d2 37. Kf3 Ra8 
38. Rxb4 cxb4 39. Rxd2 Ra3 40. Rd3 Ra2 41. Rd4 Rxh2 42. Rxb4 Kf7 43. Rc4 Rb2 
44. Rc3 Kf6 45. Ke4 g5 46. fxg5+ Ke6 47. Rc6+ Kd7 48. Rb6 Kc7 49. Rh6 Rxb3 
50. Rxh7+ Kd6 51. Kf5 Rxg3 52. Rf7 Rg1 53. Kg6 Ke6 54. Rf2 Ke7 55. Kh6 Ke6 
56. g6 Rh1+ 57. Kg7 Ra1 58. Kh7 Rg1 59. g7 Rh1+ 60. Kg8 Ra1 61. Rh2 Kd5 
1-0

[Event "34th Chess Olympiad (men)"]
[Site "Istanbul"]
[Date "2000.11.05"]
[Round "8.42.1"]
[White "Martin, Benjamin"]
[Black "Gillani, Tunveer M D"]
[WhiteElo "2377"]
[BlackElo "2255"]
[WhiteCountry "NZL"]
[BlackCountry "PAK"]
[Result "1/2-1/2"]

1. e4 c5 2. Nf3 Nc6 3. d4 cxd4 4. Nxd4 e5 5. Nb5 a6 6. Nd6+ Bxd6 7. Qxd6 Qf6 
8. Qd1 Qg6 9. Nc3 d5 10. Nxd5 Qxe4+ 11. Be3 Nd4 12. Nc7+ Ke7 13. Rc1 Bg4 
14. Qd3 Qxd3 15. Bxd3 Rd8 16. h3 Bc8 17. f4 f6 18. Rd1 b5 19. c3 Nc6 
20. a4 exf4 21. Bc5+ Kf7 22. axb5 axb5 23. Nxb5 g5 24. Nd6+ Kg7 25. O-O Nge7 
26. Nxc8 Rxc8 27. b4 Nd5 28. Bxh7 Nxc3 29. Rd7+ Kh6 30. Bb1 Nxb1 31. Rxb1 Ne5 
32. Rd6 Kg6 33. Bd4 Kf5 34. g4+ fxg3 35. Rf1+ Ke4 36. Re1+ Kf5 37. Rxf6+ Kxf6 
38. Bxe5+ Kf5 39. Bxh8 Rxh8 40. Rf1+ Ke5 41. Kg2 Rh4 42. Rb1 g4 43. Kxg3 Rxh3+ 
44. Kxg4 Rh6 45. Rc1 Kd4 46. Kf5 Rb6 47. Rb1 
1/2-1/2

[Event "34th Chess Olympiad (men)"]
[Site "Istanbul"]
[Date "2000.11.05"]
[Round "8.42.2"]
[White "Amer, Karim"]
[Black "Ker, Anthony F"]
[WhiteElo "2240"]
[BlackElo "2348"]
[WhiteCountry "PAK"]
[BlackCountry "NZL"]
[Result "1/2-1/2"]

1. f4 g6 2. Nf3 Bg7 3. g3 d5 4. Bg2 c6 5. e3 Qb6 6. Nc3 Bg4 7. O-O Nf6 
8. h3 Bxf3 9. Qxf3 Nbd7 10. Kh2 O-O 11. d3 e5 12. f5 d4 13. Ne4 Nd5 
14. exd4 exd4 15. Qg4 N7f6 16. Qh4 Nxe4 17. Bxe4 Ne3 18. Rf4 Rfe8 19. Rf2 Re5 
20. f6 Rh5 21. Qf4 Bh6 22. Qf3 Re8 23. Re2 Re6 24. c3 c5 25. Bxe3 dxe3 
26. Rf1 Bg5 27. Qg2 Rxf6 28. Rxf6 Qxf6 29. Bf3 Rh6 30. Bxb7 Qd6 31. Bd5 Rh5 
32. Bf3 Rh4 33. Be4 Bh6 34. Qf3 Rh5 35. Kg2 Re5 36. c4 Qd4 37. Qf1 Kg7 
38. g4 Bg5 39. Kh1 Re6 40. Qg2 Rf6 41. Qg3 Rf1+ 42. Kg2 Qf6 43. h4 Rb1 
44. Qf3 Bxh4 45. Qxf6+ Bxf6 46. d4 Rc1 47. dxc5 Bd4 48. c6 Rxc4 49. Kf3 Kf6 
50. Bd5 Rc1 51. Ke4 Bb6 52. b4 Ke7 53. b5 f6 54. Rh2 Kd6 55. Bb3 Rc5 56. a4 Rc3 
57. Bd1 Rc4+ 58. Kf3 h5 59. gxh5 gxh5 60. Rxh5 Rc1 61. Rh7 Kc5 62. Be2 Kb4 
63. Rh4+ Ka5 64. Rf4 Ra1 65. Rc4 Rxa4 66. Rc2 Bc7 67. Kxe3 f5 68. Bc4 Ra3+ 
69. Kd4 Kb6 70. Rg2 f4 71. Rg7 Rg3 72. Rf7 Rg1 73. Rh7 Re1 74. Rh2 Ra1 
75. Kc3 Ra3+ 76. Kb2 Ra4 77. Kb3 Ra1 78. Rf2 Bd6 79. Kc3 Ra3+ 80. Kb2 Ra4 
81. Bf1 Be5+ 82. Kb3 Ra1 83. Kc4 Bc7 84. Kd5 Rd1+ 85. Ke6 Re1+ 86. Kf7 Ra1 
87. Bc4 Ra4 88. Rc2 Ra1 89. Rd2 Ra4 90. Be2 f3 91. Bf1 f2 92. Ke6 Bg3 
93. Rc2 Ra1 94. c7 Bxc7 95. Rxf2 Re1+ 
1/2-1/2

[Event "34th Chess Olympiad (men)"]
[Site "Istanbul"]
[Date "2000.11.05"]
[Round "8.42.3"]
[White "Smith, Robert W"]
[Black "Ahmed, Haseeb"]
[WhiteElo "2270"]
[BlackElo "2270"]
[WhiteCountry "NZL"]
[BlackCountry "PAK"]
[Result "1-0"]

1. e4 c5 2. Nc3 d6 3. f4 a6 4. a4 Nf6 5. Nf3 g6 6. Bc4 Bg7 7. d3 O-O 8. O-O Nc6 
9. Qe1 e6 10. f5 exf5 11. Qh4 Ng4 12. Bg5 Qa5 13. h3 Nge5 14. Nd5 Be6 
15. Nf6+ Bxf6 16. Bxf6 h5 17. Qf4 Nxf3+ 18. Rxf3 Kh7 19. exf5 Bxc4 20. dxc4 Qc7 
21. Bc3 Rae8 22. Bd2 Kg8 23. f6 Re6 24. Qh6 Rxf6 25. Rxf6 Ne5 26. Raf1 Qe7 
27. Bc3 a5 28. Qg5 Qc7 29. Qf4 Qe7 30. Bxe5 dxe5 31. Qd2 e4 32. Qd6 Qxd6 
33. Rxd6 Re8 34. Kf2 Re7 35. Ke3 Kg7 36. g4 hxg4 37. hxg4 Kh6 38. Rd5 b6 
39. Rf4 Kg7 40. Rxe4 Rb7 41. Re8 Kh6 42. g5+ Kg7 43. Rdd8 f5 44. Rg8+ Kf7 
45. Rdf8+ Ke7 46. Rg7+ Kxf8 47. Rxb7 
1-0

[Event "34th Chess Olympiad (men)"]
[Site "Istanbul"]
[Date "2000.11.05"]
[Round "8.42.4"]
[White "Waqar, Mohamed"]
[Black "Wastney, Scott"]
[WhiteElo "2208"]
[BlackElo "2219"]
[WhiteCountry "PAK"]
[BlackCountry "NZL"]
[Result "0-1"]

1. d4 Nf6 2. g3 g6 3. Bg2 d5 4. Nf3 Bg7 5. O-O O-O 6. Bf4 c6 7. Nbd2 Nbd7 
8. c4 dxc4 9. Nxc4 Nb6 10. b3 Be6 11. Na5 Qc8 12. Ng5 Bg4 13. f3 Bd7 
14. Rc1 Nfd5 15. Qd2 Nxf4 16. gxf4 Qc7 17. Rfd1 Nd5 18. e3 Nxe3 19. Qxe3 Qxa5 
20. Qxe7 Qd8 21. Qb4 Qb6 22. Qc4 Rad8 23. Kh1 h6 24. Ne4 Be6 25. Qe2 Bxd4 
26. Ng3 Rfe8 27. Qc2 f5 28. Nf1 Bf7 29. Re1 c5 30. h3 Qf6 31. Ng3 Rxe1+ 
32. Rxe1 Qh4 33. Kh2 Qxf4 34. Rd1 h5 35. Qc1 Qxc1 36. Rxc1 Be5 37. h4 b6 
38. Kh3 Rd2 39. Re1 Bf6 40. f4 
0-1

[Event "34th Chess Olympiad (men)"]
[Site "Istanbul"]
[Date "2000.11.05"]
[Round "8.43.1"]
[White "Peralta, Eduardo"]
[Black "Bin Sattar, Reefat"]
[WhiteElo "2330"]
[BlackElo "2467"]
[WhiteCountry "PAR"]
[BlackCountry "BAN"]
[Result "0-1"]

1. e4 e6 2. Qe2 c5 3. g3 Nc6 4. Bg2 g6 5. f4 Bg7 6. Nf3 Nge7 7. d3 d6 
8. O-O O-O 9. Nc3 Bd7 10. Kh1 Nd4 11. Qf2 Bc6 12. g4 f5 13. gxf5 exf5 
14. Nxd4 cxd4 15. Ne2 Qb6 16. c3 dxc3 17. Nxc3 Bd4 18. Qd2 Rae8 19. b3 fxe4 
20. dxe4 Qc5 21. Rf3 d5 22. e5 Nf5 23. Rd3 Be3 24. Rxd5 Qb4 25. Qd3 Qxf4 
26. Ne2 Qf2 27. Qc4 Qe1+ 
0-1

[Event "34th Chess Olympiad (men)"]
[Site "Istanbul"]
[Date "2000.11.05"]
[Round "8.43.2"]
[White "Rahman, Ziaur"]
[Black "Patriarca, Luis"]
[WhiteElo "2421"]
[BlackElo "2307"]
[WhiteCountry "BAN"]
[BlackCountry "PAR"]
[Result "1-0"]

1. Nf3 c5 2. c4 Nc6 3. Nc3 g6 4. e3 Bg7 5. d4 d6 6. d5 Ne5 7. Nxe5 Bxe5 
8. Bd3 Bg7 9. O-O Nf6 10. e4 O-O 11. Bg5 a6 12. a4 b6 13. Qd2 Ra7 14. Rae1 Ne8 
15. f4 Qc7 16. Bh4 e5 17. dxe6 fxe6 18. f5 Be5 19. fxg6 hxg6 20. Rxf8+ Kxf8 
21. Rf1+ Kg8 22. Qg5 Qg7 23. Bg3 Bxg3 24. Qxg3 Rf7 25. Rxf7 Kxf7 26. e5 dxe5 
27. a5 bxa5 28. Ne4 Qh6 29. Ng5+ Kg8 30. Qxe5 Qg7 31. Qxg7+ Kxg7 32. Ne4 e5 
33. Nxc5 Nd6 34. Kf2 Kf6 35. Ne4+ Nxe4+ 36. Bxe4 g5 37. Kg3 Kg7 38. c5 Kf6 
39. h4 a4 40. h5 
1-0